000 00600nam a2200229Ia 4500
003 OSt
005 20221007081831.0
006 a|||||r|||| 00| 0
007 ta
008 221006b |||||||| |||| 00| 0 eng d
024 _a22,133
037 _cTextual
040 _aFLL
_cFLL
_beng
041 _2eng
_aeng
082 _aZ2331,2,4145q2N50, M2
245 0 _aBombay public trusts act,1950
250 _a6th
260 _aPune
_bHind Law House India
_c1982
300 _alx, 197,z-5
_ccm.
942 _hZ2331,2,4145q2N50, M2
_cTEXL
_2CC
999 _c1164430
_d1164430